European Countries by average latitude - Statistics

General Stats
  • This quiz has been taken 18 times
  • The average score is 32 of 45
Answer Stats
Answer % Correct
Denmark
100%
Estonia
100%
Finland
100%
Iceland
100%
Latvia
100%
Norway
100%
Sweden
100%
Lithuania
94%
Belarus
88%
Belgium
88%
Germany
88%
Ireland
88%
Luxembourg
88%
Netherlands
88%
Poland
88%
United Kingdom
88%
Czechia
81%
Slovakia
69%
Ukraine
69%
Albania
63%
Austria
63%
Croatia
63%
Cyprus
63%
Greece
63%
Hungary
63%
Malta
63%
North Macedonia
63%
Portugal
63%
Serbia
63%
Slovenia
63%
Spain
63%
Switzerland
63%
Andorra
56%
Bosnia and Herzegovina
56%
Bulgaria
56%
Italy
56%
Kosovo
56%
Liechtenstein
56%
Moldova
56%
Montenegro
56%
Romania
56%
Vatican City
56%
France
50%
Monaco
44%
San Marino
44%
No matching quizzes found
Score Distribution
Percent of People with Each Score
Percentile by Number Answered
Your Score History
You have not taken this quiz